| 000 | 00971nam a22002297a 4500 | ||
|---|---|---|---|
| 003 | OSt | ||
| 005 | 20251001165117.0 | ||
| 008 | 240403b ||||| |||| 00| 0 eng d | ||
| 040 | _c0 | ||
| 082 | _aDPer 621.381 Ie21 October 2022 v. 37 n. 10 | ||
| 100 |
_aWei, Shusheng. _eauthor. _955806 |
||
| 245 |
_aTransient DC bias and universal dynamic modulation of multiactive bridge converters / _cShusheng Wei, Di Mou, Wusong Wen, Zhengming Zhao, and Kai Li. |
||
| 260 |
_aNew York ; _bThe Institute of Electrical and Electronics Engineers, Inc. , _cOctober 2022. |
||
| 300 |
_aVolume 37, pages 11516-11522 : _billustration ; _c28 cm. |
||
| 500 | _aIEEE Transactions on Power Electronics, v. 37, n. 10, pages 11516-11522, October 2022. | ||
| 700 |
_aWei, Shusheng. _eauthor. _955806 |
||
| 700 |
_aMou, Di. _eauthor. _955807 |
||
| 700 |
_aWen, Wusong. _eauthor. _955808 |
||
| 700 |
_aZhao, Zhengming. _eauthor. _955809 |
||
| 700 |
_aLi, Kai. _eauthor. _955810 |
||
| 942 |
_2ddc _cPER |
||
| 999 |
_c19958 _d19958 |
||